| 000 | 00682nam a2200277 a 4500 | ||
|---|---|---|---|
| 005 | 20140310183442.0 | ||
| 008 | 040618s19uu xx 00 eng d | ||
| 020 | _a9789715846257 | ||
| 050 |
_aQH 332 _b.T56 2007 |
||
| 100 | _aTimbreza, Florentino T. | ||
| 245 | _aBioethics and moral decisions/. | ||
| 260 |
_aQuezon City : _bC&E Publishing, Inc, _c2007. |
||
| 300 |
_axx, 306 p. ; _c22 cm. |
||
| 521 | _aNUR | ||
| 650 | _aNursing books. | ||
| 650 | _aBioethics. | ||
| 650 | _aMedical ethics. | ||
| 942 |
_cBK _2lcc _kLOC |
||
| 999 |
_c23141 _d23141 |
||